Pseudocereálie a ich využitie ako funkčné bezlepkové suroviny bakalárska práca

Enregistré dans:
Détails bibliographiques
Auteur principal: Sedláčková, Kristína
Format: Livre
Langue:slovaque
Publié: Bratislava STU FCHPT 2016
Accès en ligne:Voir à l'OPAC
Tags: Ajouter un tag
Pas de tags, Soyez le premier à ajouter un tag!

MARC

LEADER 00000nam a2200000 a 4500
005 20260127134344.0
008 171030 2016 xo 001 0 slo d
035 |a vtls011718071 
039 9 |y 201710301333  |z mschk03 
040 |a STUSCHK1  |b slo  |c STUSCHK1  |e AACR2 
100 1 |a Sedláčková, Kristína 
245 1 |a Pseudocereálie a ich využitie ako funkčné bezlepkové suroviny  |b bakalárska práca  |c Kristína Sedláčková 
260 |a Bratislava  |b STU FCHPT  |c 2016 
300 |a 74 s.  |b il.  |c 25 cm 
500 |a Študijný program: výživa, kozmetika, ochrana zdravia 
500 |a Študijný odbor: potravinárstvo 
500 |a Školiace pracovisko: Ústav potravinárstva a výživy 
500 |a Evid. číslo: FCHPT-104558-64020 
910 |a SCHK95 
999 |c 10668  |d 10668